| 000 | 00517nam a2200157Ia 4500 | ||
|---|---|---|---|
| 008 | 100122s9999 xx 000 0 und d | ||
| 082 |
_b31496 _a823 |
||
| 100 | _aअष्टीकर मंदाकिनी | ||
| 245 | _aआणि वणवा शांत झाला | ||
| 250 | _a1 | ||
| 260 |
_bप्रिया प्रकाशन _c1905 |
||
| 300 | _a216 | ||
| 630 | _aआणि वणवा शांत झाला | ||
| 730 | _aआणि वणवा शांत झाला | ||
| 942 | _cBOOK | ||
| 999 |
_c416081 _d416078 |
||